Enantioselective Palladium (II)-Catalyzed Oxycarbonylation in the Synthesis of Bicyclic Lactones. Synthesis of Natural Products

Saved in:
Bibliographic Details
Main Author: Kapitán, Peter
Format: Book
Language:English
Published: Bratislava STU FCHPT v Bratislave 2005
Online Access:View in OPAC
Tags: Add Tag
No Tags, Be the first to tag this record!

MARC

LEADER 00000nam a2200000 a 4500
005 20260127133925.0
008 060215 2005 xo 000 0 eng d
035 |a vtls008622944 
039 9 |a 200602151124  |b mschk03  |y 200602151116  |z mschk03 
040 |a STUSCHK1  |b slo  |c STUSCHK1  |e AACR2 
100 1 |a Kapitán, Peter 
245 1 |a Enantioselective Palladium (II)-Catalyzed Oxycarbonylation in the Synthesis of Bicyclic Lactones. Synthesis of Natural Products 
260 |a Bratislava  |b STU FCHPT v Bratislave  |c 2005 
300 |a 117 s. 
500 |a Katedra organickej chémie 
500 |a Obháj.: 19.9.2005 na STU FCHPT v Bratislave 
910 |a SCHK95 
999 |c 162  |d 162